Διακριτά μαθηματικά και θεωρία αριθμών με εφαρμογές
Αποθηκεύτηκε σε:
| Κύριος συγγραφέας: | |
|---|---|
| Μορφή: | Βιβλίο |
| Γλώσσα: | Greek |
| Δημοσίευση: |
Αθήνα :
Εκδόσεις Τσότρας,
c2022.
|
| Θέματα: | |
| Ετικέτες: |
Προσθήκη ετικέτας
Δεν υπάρχουν, Καταχωρήστε ετικέτα πρώτοι!
|
MARC
| LEADER | 00000nam a2200000 a 4500 | ||
|---|---|---|---|
| 001 | 1/125814 | ||
| 008 | 230111t2022####gr | ||| |||| ||gre|| | ||
| 020 | |a 9786185495923 | ||
| 040 | |a GR-MyUa |b gre |c GR-MyUa |e AACR2 | ||
| 041 | 0 | |a gre | |
| 082 | 7 | |a 511.30285 |2 (23) | |
| 100 | 1 | |a Ρασσιάς, Μιχαήλ Θ. | |
| 245 | 1 | 0 | |a Διακριτά μαθηματικά και θεωρία αριθμών με εφαρμογές / |c Μιχαήλ Θ. Ρασσιάς. |
| 260 | |a Αθήνα : |b Εκδόσεις Τσότρας, |c c2022. | ||
| 300 | |a 910 σ. : |b σχέδια, πίν. ; |c 29 εκ. | ||
| 504 | |a Περιλαμβάνει βιβλιογραφικές αναφορές (σ. 889-901). Περιέχει ευρετήριο. | ||
| 650 | 0 | |a Discrete mathematics. | |
| 650 | 0 | |a Number theory. | |
| 852 | |a INST |b SAMOS |c EUDOXUS |e 20230109 |h 511.30285 ΡΑΣ |p 005300047432 |q 005300047432 |t EDX |y 23 | ||
| 852 | |a INST |b SAMOS |c EUDOXUS |e 20230109 |h 511.30285 ΡΑΣ |p 005300047433 |q 005300047433 |t EDX |y 0 | ||
| 852 | |a INST |b SAMOS |c EUDOXUS |e 20230109 |h 511.30285 ΡΑΣ |p 005300047434 |q 005300047434 |t EDX |y 0 | ||
| 852 | |a INST |b SAMOS |c EUDOXUS |e 20230109 |h 511.30285 ΡΑΣ |p 005300047435 |q 005300047435 |t EDX |y 0 | ||
| 920 | |a Εύδοξος |b Παραγγελία |y Σάμος-ΤΜΑΘ |z 2022-12 | ||
| 970 | |a Φιλιππή |b Φάλη |z 11-01-2023 | ||